000 00809nam a2200253Ia 4500
001 21996
005 20260320113332.0
008 260320s9999||||xx |||||||||||||| ||und||
020 _a9788431333942
041 _aESP
082 _a616.89156
_bC25
100 _aCano Prous, Adrián,
_eEDT
245 0 _aDiagnóstico y terapia familiar
_b
246 _a
_5
_b
260 _aPamplona :
_bEdiciones Universidad de Navarra,
_c2019
300 _a276 páginas :
_btablas ;
_c24 cm.
_e
440 _a
_n
_v
650 _aTCA
653 _aTerapia familiar; Terapia conyugal
654 _aCPS
700 _a
_c
856 _uhttps://0u20vmvfl-y-https-ebookcentral-proquest-com.itmsp.museknowledge.com/lib/catolicasp/home.action
_zVéase además: Base de datos ProQuest Ebook Central
942 _cLIB
_dJUS
_fMAT
_2ddc
_n
999 _c21996
_d21996